<?xml version="1.0" encoding="UTF-8"?><?xml-stylesheet type="text/xsl" href="static/style.xsl"?><OAI-PMH xmlns="http://www.openarchives.org/OAI/2.0/" xmlns:xsi="http://www.w3.org/2001/XMLSchema-instance" xsi:schemaLocation="http://www.openarchives.org/OAI/2.0/ http://www.openarchives.org/OAI/2.0/OAI-PMH.xsd"><responseDate>2026-04-14T19:11:04Z</responseDate><request verb="GetRecord" identifier="oai:uvadoc.uva.es:10324/78286" metadataPrefix="marc">https://uvadoc.uva.es/oai/request</request><GetRecord><record><header><identifier>oai:uvadoc.uva.es:10324/78286</identifier><datestamp>2025-11-05T10:55:51Z</datestamp><setSpec>com_10324_38</setSpec><setSpec>col_10324_852</setSpec></header><metadata><record xmlns="http://www.loc.gov/MARC21/slim" xmlns:doc="http://www.lyncode.com/xoai" xmlns:xsi="http://www.w3.org/2001/XMLSchema-instance" xmlns:dcterms="http://purl.org/dc/terms/" xsi:schemaLocation="http://www.loc.gov/MARC21/slim http://www.loc.gov/standards/marcxml/schema/MARC21slim.xsd">
<leader>00925njm 22002777a 4500</leader>
<datafield tag="042" ind1=" " ind2=" ">
<subfield code="a">dc</subfield>
</datafield>
<datafield tag="720" ind1=" " ind2=" ">
<subfield code="a">Espinar Pérez, María José</subfield>
<subfield code="e">author</subfield>
</datafield>
<datafield tag="260" ind1=" " ind2=" ">
<subfield code="c">2025</subfield>
</datafield>
<datafield tag="520" ind1=" " ind2=" ">
<subfield code="a">Este trabajo analiza la rehabilitación y reutilización adaptativa de edificios religiosos y conventuales en Europa,&#xd;
con especial atención a cinco casos de estudio: la Iglesia de San Agustín en Valladolid (actual Archivo&#xd;
Municipal), el Convento de San Antonio el Real en Salamanca (actual tienda Zara), la Abadía de Santa María de&#xd;
Retuerta en Sardón de Duero (transformada en complejo hotelero y enoturístico), la librería Selexyz Dominicanen&#xd;
en Maastricht y el club Spirito en Bruselas. A través de un enfoque comparativo, se estudian el contexto histórico&#xd;
y arquitectónico de cada edificio, los procesos de intervención, las soluciones adoptadas para sus nuevos usos&#xd;
y las implicaciones patrimoniales y sociales derivadas de dichas transformaciones.&#xd;
La investigación se apoya en un marco teórico basado en las cartas internacionales de conservación, como la&#xd;
Carta de Venecia (1964) y la Carta de Burra (1979), que subrayan la necesidad de preservar el valor cultural y la&#xd;
autenticidad material de los monumentos. Asimismo, se consideran las tensiones entre conservación y&#xd;
funcionalidad, así como los riesgos de banalización del patrimonio frente a las oportunidades de revitalización&#xd;
urbana y sostenibilidad cultural que ofrece la reutilización adaptativa.&#xd;
Los resultados evidencian que, si bien cada caso presenta singularidades, existen patrones comunes: la&#xd;
intervención arquitectónica como mediadora entre pasado y presente, la necesidad de equilibrio entre&#xd;
protección patrimonial y explotación económica, y la creciente relevancia de los espacios culturales híbridos.&#xd;
En conclusión, el trabajo destaca la reutilización adaptativa como estrategia válida y necesaria, siempre que se&#xd;
realice con criterios de respeto patrimonial y sensibilidad hacia el contexto histórico y social</subfield>
</datafield>
<datafield tag="520" ind1=" " ind2=" ">
<subfield code="a">This thesis examines the rehabilitation and adaptive reuse of religious and conventual buildings in Europe, with a&#xd;
particular focus on five case studies: the Church of San Agustín in Valladolid (currently the Municipal Archive),&#xd;
the Convent of San Antonio el Real in Salamanca (now a Zara store), the Abbey of Santa María de Retuerta in&#xd;
Sardón de Duero (transformed into a hotel and wine tourism complex), the Selexyz Dominicanen Bookstore in&#xd;
Maastricht, and the Spirito Club in Brussels. Through a comparative approach, the study addresses the historical&#xd;
and architectural context of each building, the intervention processes, the solutions implemented for their new&#xd;
functions, and the heritage and social implications of these transformations.&#xd;
The research is framed by international conservation charters, such as the Venice Charter (1964) and the Burra&#xd;
Charter (1979), which emphasize the need to safeguard the cultural value and material authenticity of&#xd;
monuments. It also considers the tensions between conservation and functionality, as well as the risks of&#xd;
heritage trivialization in contrast with the opportunities for urban revitalization and cultural sustainability offered&#xd;
by adaptive reuse.&#xd;
The findings reveal that, while each case is unique, common patterns emerge: architectural intervention as a&#xd;
mediator between past and present, the need to balance heritage protection with economic exploitation, and the&#xd;
growing significance of hybrid cultural spaces. In conclusion, the thesis highlights adaptive reuse as a valid and&#xd;
necessary strategy, provided it is carried out with respect for heritage values and sensitivity to the historical and&#xd;
social context</subfield>
</datafield>
<datafield tag="024" ind2=" " ind1="8">
<subfield code="a">https://uvadoc.uva.es/handle/10324/78286</subfield>
</datafield>
<datafield ind1=" " ind2=" " tag="653">
<subfield code="a">Arquitectura religiosa - Conservación y restauración</subfield>
</datafield>
<datafield ind1=" " ind2=" " tag="653">
<subfield code="a">Iglesia de San Agustín (Valladolid) - Conservación y restauración</subfield>
</datafield>
<datafield ind1=" " ind2=" " tag="653">
<subfield code="a">Convento de San Antonio el Real (Salamanca) - Conservación y restauración</subfield>
</datafield>
<datafield ind1=" " ind2=" " tag="653">
<subfield code="a">Abadía de Santa María de Retuerta ( Sardón de Duero, Valladolid) - Conservación y restauración</subfield>
</datafield>
<datafield ind1=" " ind2=" " tag="653">
<subfield code="a">Iglesia de los Dominicos (Maastricht) -Conservación y restauración</subfield>
</datafield>
<datafield ind1=" " ind2=" " tag="653">
<subfield code="a">Iglesia de la Resurrección (Bruselas) -Conservación y restauración</subfield>
</datafield>
<datafield tag="245" ind1="0" ind2="0">
<subfield code="a">Intervenciones Modernas en Patrimonio Arquitectónico Eclesiástico: 5 ejemplos</subfield>
</datafield>
</record></metadata></record></GetRecord></OAI-PMH>